| 000 | 00352nam a22001457a 4500 | ||
|---|---|---|---|
| 008 | 210514b ||||| |||| 00| 0 eng d | ||
| 020 | _a2900201083575 | ||
| 041 | _aeng | ||
| 080 | _a658 | ||
| 082 | _a658 | ||
| 100 | _a54 | ||
| 101 | _aLID | ||
| 245 |
_aOrganizational Diagnosis: A Workbook of Theory and Practice _cWeisbord,M.R |
||
| 942 |
_2udc _cBK |
||
| 999 |
_c57323 _d57323 |
||